| 000 | 01174nam a22003137a 4500 | ||
|---|---|---|---|
| 001 | BR8005674 | ||
| 003 | BR-BrBNA | ||
| 005 | 20230928090743.0 | ||
| 007 | ta | ||
| 008 | 230509b bl.||||| |||| 00| 0 por d | ||
| 040 |
_aBR-BrBNA _bpor _cBiblioteca Nacional de Agricultura |
||
| 041 | _a(Por) | ||
| 072 |
_aQ30; F60 _b3575 _b3295 |
||
| 090 | _ 3575 BR8005674 | ||
| 100 | 1 | _aRamos, A. | |
| 110 | 1 |
_aUniversidade Federal do Parana, Curitiba (Brasil) _0Tese (Mestrado) |
|
| 245 | 1 | _aInfluencia de cinco tipos de embalagens na germinacao e no vigor de sementes de angico-Parapiptadenia rigida (Benth)Brenan, Caixeta-Tabebuia cassinoides (Lam)Dc. e caroba-Jacaranda micrantha cham. armazenadas em camara e a temperatura ambiente | |
| 260 | 3 |
_aCuritiba, PR (Brasil): _c1980. |
|
| 300 | _a134 p. | ||
| 500 | _aSummaries (Eng, Por); Bibliography p. 115-120 (88 ref.). (*) Documento disponível na(o) UFPR, Curitiba, PR (Brazil). Biblioteca Central | ||
| 650 | _aEMBALAGEM | ||
| 650 | _aSEMENTE | ||
| 650 | _aPODER GERMINATIVO | ||
| 650 | _aANGICO VERMELHO | ||
| 650 | _aCAROBA BRANCA | ||
| 650 | _aCAIXETA | ||
| 909 |
_a202309 _bLucia _c55 _dLucia Elande |
||
| 942 | _cBK | ||
| 999 |
_c30365 _d30365 |
||